000 00292nam a22001217a 4500
008 180731b xxu||||| |||| 00| 0 eng d
082 _a813.52
245 _aWorld regional geography viedos on DVD
_cPearson
260 _c2008
300 _a2
_fCD
440 _x9780131593480
942 _2ddc
_cMX
999 _c46692
_d46692